| 000 | 00543nam a2200145Ia 4500 | ||
|---|---|---|---|
| 008 | 140724s9999 xx 000 0 und d | ||
| 050 |
_aRT 89 _b.Ab152 2011 |
||
| 100 | _aAblona, Keith Andrew G. | ||
| 245 |
_aCoping styles to stressors in the clinical environment : _ba basis for improvement in the delivery of health care / _cKeith Andrew G. Ablona. |
||
| 260 |
_aLas PiƱas, Philippines : _bSouthville International School and Colleges, _cc2011. |
||
| 300 |
_a76 p. : _bill. ; _c28 cm. |
||
| 521 | _aNursing | ||
| 942 | _cTH | ||
| 999 |
_c228690 _d228690 |
||